Every NHL Teams Leading Point Scorer Season 23/24 - Statistics

General Stats
  • This quiz has been taken 28 times
  • The average score is 22 of 32
Answer Stats
Team Answer % Correct
Colorado Avalanche Nathan Mackinnon
95%
Chicago Blackhawks Connor Bedard
90%
Edmonton Oilers Connor McDavid
90%
Tampa Bay Lightning Nikita Kucherov
90%
Ottowa Senators Brady Tkachuk
85%
Boston Bruins David Pastrnak
85%
Montreal Canadiens Nick Suzuki
85%
Carolina Hurricanes Sebastian Aho
85%
Pittsburg Penguins Sidney Crosby
85%
Toronto Maple Leafs Auston Matthews
80%
Minnesota Wild Kirill Kaprizov
80%
Buffalo Sabres Alex Tuch / Rasmus Dahlin
75%
Winnipeg Jets Kyle Connor
75%
New York Rangers Artemi Panarin
70%
Arizona Coyotes Clayton Keller
70%
Nashville Predators Filip Forsberg
70%
Vancouver Canucks J.T Miller
70%
New York Islanders Mathew Barzal
70%
St. Louis Blues Robert Thomas
70%
Florida Panthers Sam Reinhart
70%
New Jersey Devils Jesper Bratt
65%
Calgary Flames Nazem Kadri
65%
Philadelphia Flyers Travis Konecny
60%
Los Angeles Kings Adrian Kempe
55%
Seattle Kraken Jared McCann
55%
Washington Capitals Dylan Strome
50%
Vegas Golden Knights Jonathan Marchessault
50%
Detroit Red Wings Lucas Raymond
50%
Columbus Blue Jackets Johnny Gaudreau
45%
Dallas Stars Matt Duchene
45%
Anaheim Ducks Frank Vatrano
30%
San Jose Sharks Mikael Granlund
25%
No matching quizzes found
Score Distribution
Percent of People with Each Score
Percentile by Number Answered
Your Score History
You have not taken this quiz